Mort subite : Préfectures et sous-préfectures des Pays de la Loire - Statistiques

Statistiques générales
  • Ce quiz a été pris 67 fois
  • Le résultat moyen est 12 sur 16
Answers on the Grid
Answers color-coded by a green-red scale on the quiz's grid according to % correct below.
Ancenis
Angers
Avrillé
Carquefou
Challans
Château-Gontier
Châteaubriant
Cholet
Clisson
Fontenay le Comte
Guérande
La Ferté-Bernard
La Flèche
La Roche-sur-Yon
Landivy
Laval
Le Mans
Les Herbiers
Les Sables d'Olonne
Luçon
Mamers
Mayenne
Montaigu
Nantes
Sablé-sur-Sarthe
Saint-Herblain
Saint-Nazaire
Saumur
Segré-en-Anjou
Sèvremoine
 
Statistiques - réponses
Réponse % Correct
Laval
90%
Le Mans
90%
Nantes
90%
Angers
80%
Château-Gontier
80%
Mayenne
80%
Saint-Nazaire
80%
Châteaubriant
70%
Cholet
70%
La Flèche
70%
La Roche-sur-Yon
70%
Les Sables d'Olonne
70%
Saumur
70%
Segré-en-Anjou
70%
Fontenay le Comte
60%
Mamers
60%
Aucun quiz correspondant
Distribution des résultats
% des personnes avec chaque résultat
Percentile par nombre de réponses
Votre historique - résultats
Vous n’avez pas pris ce quiz